000 01186nam a2200325 a 4500
001 2625111
003 OSt
005 20230606145449.0
008 980806s1998 dcua f i000 0 eng d
010 _a 98195281
020 _a0821342975
035 _a(OCoLC)39649602
040 _aFU
_cFU
_dDLC
042 _alccopycat
050 0 0 _aHJ7461
_b.P825 1998
082 _a658.155
_bPUB
245 0 0 _aPublic expenditure management handbook.
260 _aWashington, D.C. :
_bWorld Bank,
_c1998.
300 _avii, 177 p. :
_bill. ;
_c28 cm.
500 _a"The report was produced by the Poverty Reduction and Economic Management (PREM) Network of the Bank under the guidance of Cheryl Gray"--P. vi.
650 0 _aExpenditures, Public
_xHandbooks, manuals, etc.
650 0 _aBudget
_xHandbooks, manuals, etc.
650 0 _aGovernment spending policy
_xHandbooks, manuals, etc.
700 1 _aGray, Cheryl Williamson,
_d1954-
710 2 _aWorld Bank.
710 2 _aWorld Bank.
_bPoverty Reduction and Economic Management.
906 _a7
_bcbc
_ccopycat
_d2
_encip
_f19
_gy-gencatlg
942 _2ddc
_cBK
999 _c702
_d702